[Event "Challenge"]
[Site "http://www.queenalice.com/game.php?id=60592"]
[Date "2006.4.1"]
[Round "-"]
[White "Fangorn_2203"]
[Black "jocachess"]
[Result "0-1"]
[WhiteElo "811"]
[BlackElo "1042"]

1. Nh3 e5 2. b3 Nc6 3. Ba3 Nge7 4. Ng5 f6 5. Nf3 d5 6. c3 Bg4 7. Bxe7 Qxe7 8.
Nxe5 fxe5 9. h3 Bf5 10. g3 O-O-O 11. e3 g6 12. Bg2 Bg7 13. c4 d4 14. a4 e4 15.
b4 d3 16. f3 Bxa1 17. fxe4 Be6 18. Na3 Be5 19. Nb5 Bxg3+ 20. Kf1 Qf6+ 21. Kg1
Qf2# 0-1

[Event "Challenge"]
[Site "http://www.queenalice.com/game.php?id=60668"]
[Date "2006.4.1"]
[Round "-"]
[White "Fangorn_2203"]
[Black "dmilan"]
[Result "0-1"]
[WhiteElo "915"]
[BlackElo "1463"]

1. Nc3 e5 2. Nb5 a6 3. Nc3 Nf6 4. Na4 b5 5. Nc5 Bxc5 6. d3 d5 7. e3 O-O 8. Be2
Nc6 9. f4 exf4 10. exf4 Nd4 11. Bf1 Re8+ 12. Be3 Rxe3+ 13. Kd2 Re8 14. g4 Bxg4
15. Qc1 Qd6 0-1

[Event "Challenge"]
[Site "http://www.queenalice.com/game.php?id=60680"]
[Date "2006.4.1"]
[Round "-"]
[White "charles31"]
[Black "Fangorn_2203"]
[Result "1-0"]
[WhiteElo "1100"]
[BlackElo "900"]

1. Nf3 Nf6 2. d4 g6 3. Nc3 d6 4. e4 Nxe4 5. Nxe4 Bh6 6. Bxh6 Bg4 7. h3 Bxf3 8.
Qxf3 d5 9. Nd2 Qd6 10. Be2 Qb4 11. Qf4 g5 12. Qxc7 Qc4 13. Bxc4 dxc4 14. Qc8#
1-0

[Event "Challenge"]
[Site "http://www.queenalice.com/game.php?id=60687"]
[Date "2006.4.1"]
[Round "-"]
[White "Fangorn_2203"]
[Black "Railton"]
[Result "0-1"]
[WhiteElo "811"]
[BlackElo "1461"]

1. b4 e5 2. Bb2 f6 3. e3 Bxb4 4. f4 Bd6 5. fxe5 Bxe5 6. Nf3 Bxb2 7. g3 Bxa1 8.
Bb5 Be5 9. Nxe5 fxe5 10. Qh5+ g6 11. Qxe5+ Qe7 12. Qxe7+ Nxe7 13. h4 Nbc6 14.
Bc4 d5 15. Bxd5 Nxd5 16. Na3 Bf5 17. Rg1 O-O-O 18. g4 Be4 19. d3 Bf3 20. h5 gxh5
21. Rf1 Bxg4 22. e4 Ne3 23. Rg1 Nd4 24. c3 Ndc2+ 25. Nxc2 Nxc2+ 26. Kf1 Rdf8+
27. Kg2 Rhg8 28. Kh2 Rf2+ 29. Rg2 Rxg2+ 30. Kxg2 Be2+ 31. Kh3 Bxd3 32. e5 Ne3
33. Kh4 Be2 34. Kh3 b5 35. Kh2 a5 36. Kh3 b4 37. Kh4 bxc3 38. e6 c2 39. e7 Nf5+
40. Kh3 Nxe7 41. a3 c1=Q 42. Kh2 Qg1+ 0-1

[Event "Challenge"]
[Site "http://www.queenalice.com/game.php?id=60688"]
[Date "2006.4.1"]
[Round "-"]
[White "Viceroy"]
[Black "Fangorn_2203"]
[Result "1-0"]
[WhiteElo "1471"]
[BlackElo "786"]

1. Nf3 Nf6 2. c4 g6 3. b4 Nh5 4. Bb2 Bg7 5. Bxg7 Nxg7 6. g3 Nf5 7. Bg2 h5 8. e4
g5 9. exf5 e5 10. fxe6 dxe6 11. Nc3 e5 12. O-O e4 13. Re1 Bg4 14. Rxe4+ Kf8 15.
d3 Bxf3 16. Qxf3 a5 17. b5 Rg8 18. Qe3 f5 19. Qc5+ Kg7 20. Re7+ Kg6 21. Qe5 Qxd3
22. Qe6# 1-0

[Event "Challenge"]
[Site "http://www.queenalice.com/game.php?id=61666"]
[Date "2006.4.6"]
[Round "-"]
[White "davidm"]
[Black "Fangorn_2203"]
[Result "0-1"]
[WhiteElo "939"]
[BlackElo "825"]

1. e4 f6 2. d4 e6 3. Nf3 e5 4. dxe5 g6 5. exf6 Bh6 6. Ne5 d6 7. Nxg6 hxg6 8. f7+
Kxf7 9. e5 Qh4 10. g3 Qg4 11. Qxg4 Bxg4 12. h3 Bf5 13. Bd3 Bxc1 0-1

[Event "Challenge"]
[Site "http://www.queenalice.com/game.php?id=61845"]
[Date "2006.4.7"]
[Round "-"]
[White "Fangorn_2203"]
[Black "Nottolo"]
[Result "0-1"]
[WhiteElo "794"]
[BlackElo "1100"]

1. Nf3 e6 2. Ng5 Qxg5 3. e3 Nf6 4. e4 Nxe4 5. Bd3 Nc5 6. Bc4 Qe5+ 7. Kf1 Qd4 8.
Bb5 Bd6 9. d3 Nca6 10. Na3 Bc5 11. Qh5 Qxf2# 0-1

[Event "Challenge"]
[Site "http://www.queenalice.com/game.php?id=62642"]
[Date "2006.4.11"]
[Round "-"]
[White "Fangorn_2203"]
[Black "venexia"]
[Result "0-1"]
[WhiteElo "786"]
[BlackElo "1482"]

1. Nf3 d5 2. e3 Bg4 3. Nh4 Bxd1 4. Kxd1 e5 5. Bb5+ c6 6. Ba4 Qxh4 7. g3 Qg4+ 8.
f3 Qxf3+ 9. Ke1 Qxh1+ 10. Ke2 Qxc1 11. Nc3 Qxa1 12. Nxd5 Bd6 13. Nc7+ Bxc7 14.
Bxc6+ Nxc6 15. d4 exd4 16. exd4 Nxd4+ 17. Ke3 Qxb2 18. Ke4 Nf6+ 19. Kd3 Rd8 20.
c3 Nb5+ 21. Kc4 Na3+ 0-1

[Event "Challenge"]
[Site "http://www.queenalice.com/game.php?id=63224"]
[Date "2006.4.14"]
[Round "-"]
[White "Fangorn_2203"]
[Black "Nottolo"]
[Result "0-1"]
[WhiteElo "786"]
[BlackElo "1266"]

1. a4 Nc6 2. Nc3 e6 3. Ne4 Be7 4. d3 Bb4+ 5. c3 Ba5 6. Bg5 f6 7. Nxf6+ gxf6 8.
b4 Bb6 9. Nf3 fxg5 10. Nxg5 Qxg5 11. g4 Nge7 12. Rg1 O-O 13. d4 e5 14. dxe5
Bxf2# 0-1